[Event "GRE-ch U16"]
[Site "Greece"]
[Date "2014.07.07"]
[Round "6"]
[White "Kakoulidis, Vasilios"]
[Black "Serpetsidaki, Eva"]
[Result "1/2-1/2"]
[WhiteElo "1372"]
[BlackElo "1537"]
[PlyCount "83"]
[EventDate "2014.07.04"]
[EventType "swiss"]
[EventRounds "9"]
[EventCountry "GRE"]
[SourceTitle "EXT 2017"]
[Source "ChessBase"]
[SourceDate "2016.10.25"]
[SourceVersion "1"]
[SourceVersionDate "2016.10.25"]
[SourceQuality "1"]

1. e4 c5 2. Nc3 Nc6 3. g3 g6 4. Bg2 Bg7 5. d3 Rb8 6. Rb1 b5 7. f4 d6 8. Nf3 b4 9. Ne2 Qa5 10. Ra1 Be6 11. d4 Bc4 12. e5 d5 13. dxc5 Qxc5 14. Ned4 Nxd4 15. Qxd4 Rc8 16. Qxc5 Rxc5 17. Be3 Rc7 18. Nd4 e6 19. a3 Bf8 20. a4 Bc5 21. Kd2 Kd7 22. Bf1 Bxf1 23. Rhxf1 Ne7 24. Bf2 Bxd4 25. Bxd4 Rhc8 26. Rfc1 Nc6 27. Bc5 Na5 28. Bxb4 Nc4+ 29. Kc3 Na5+ 30. Kd2 Nc4+ 31. Kc3 Ne3+ 32. Kd3 Rxc2 33. Bc3 Rxc1 34. Rxc1 Nc4 35. b3 Nb6 36. a5 Na8 37. b4 Nc7 38. Bd4 Nb5 39. Bc5 Rc6 40. Ra1 a6 41. Ra2 Ke8 42. Ra1 1/2-1/2

[Event "GRE-ch U14"]
[Site "Rio Achaia"]
[Date "2012.06.24"]
[Round "1.2"]
[White "Papadopoulos, Georgios Vas"]
[Black "Kakoulidis, Vasilios"]
[Result "1-0"]
[WhiteElo "2036"]
[BlackElo "1535"]
[PlyCount "59"]
[EventDate "2012.06.24"]
[EventType "swiss"]
[EventRounds "7"]
[EventCountry "GRE"]
[SourceTitle "EXT 2024"]
[Source "ChessBase"]
[SourceDate "2023.10.10"]
[SourceVersion "1"]
[SourceVersionDate "2023.10.10"]
[SourceQuality "1"]

1. e4 c5 2. Nf3 Nc6 3. d4 cxd4 4. Nxd4 Nf6 5. Nc3 d6 6. Bc4 e5 7. Nde2 Be6 8. Bb3 h6 9. 0-0 Be7 10. h3 0-0 11. Be3 Qd7 12. Ng3 Rfd8 13. Qf3 d5 14. exd5 Bxd5 15. Nxd5 Nxd5 16. Rad1 Qc7 17. Bxd5 Bf8 18. Ne4 Qe7 19. Bc5 Qc7 20. Bxf8 Rxf8 21. Bxc6 Qxc6 22. Nc3 Qxf3 23. gxf3 Rfd8 24. Rxd8+ Rxd8 25. Rd1 Rxd1+ 26. Nxd1 f5 27. Ne3 g6 28. Nc4 e4 29. fxe4 fxe4 30. Nd6 1-0